-
KRISHNAMACHARYULU, S.G. AND RAMAKRISHNA, LALITHA
Entry Personal Name
Number of records used in: 1
001 - CONTROL NUMBER
003 - CONTROL NUMBER IDENTIFIER
005 - DATE AND TIME OF LATEST TRANSACTION
- control field:
20180813113132.0
008 - FIXED-LENGTH DATA ELEMENTS
- fixed length control field:
180813|| aca||aabn | a|a d
040 ## - CATALOGING SOURCE
- Original cataloging agency:
OSt
- Transcribing agency:
OSt
100 ## - HEADING--PERSONAL NAME
- Personal name:
KRISHNAMACHARYULU, S.G. AND RAMAKRISHNA, LALITHA
670 ## - SOURCE DATA FOUND
- Source citation:
Work cat.: (OSt)1944: KRISHNAMACHARYULU, S.G. AND RAMAKRISHNA, LALITHA, RURAL MARKETING, 2002